000 00647nam a22002057a 4500
003 OSt
005 20260119052224.0
008 260119b |||||||| |||| 00| 0 eng d
020 _a0-07-242636-5.
040 _aDWCL-Main lib.
_cOC
082 _aCirc. 658.84 R248b 2001
100 _aReding, Elizabeth E.
245 _aBuilding an ebusiness :
_b from the ground up/
_cElizabeth E. Reding
260 _aNew York :
_bMcGraw-Hill/Irwin,
_c c2001.
300 _axxi, 164 p. :
_bcol. ill. ;
_c28 cm.
504 _aIncludes index.
650 _a1. Electronic Commerce.
650 _a2. Web-sites - Design.
942 _2ddc
_cBK-CIRC
_hCirc.
_n0
999 _c7535
_d7535